000 00709nam a22002297a 4500
999 _c7713
_d7713
003 OSt
005 20220221095357.0
008 220221b ||||| |||| 00| 0 eng d
020 _a0195667271
040 _cDDC
082 _a001.4 MET 2004
100 _aedited by Vinay, Kumar Srivastava
_915749
245 _aMethodology and fieldwork.
260 _aNew Delhi :
_bOxford University Press;
_c2004
300 _ax, 500 p. ;
_c23 cm
504 _aIncludes bibliographical references and index.
650 _aSociology -- Field.
_915750
650 _aSociology -- Methodology.
_915751
650 _aEthnology -- Field work.
_915752
650 _aEthnology -- Methodology.
_915753
942 _2ddc
_cO_SHELF